书目信息 |
| 题名: |
努力发光的“小透明”
|
|
| 作者: | 赵静 著 | |
| 分册: | ||
| 出版信息: | 石家庄 河北少年儿童出版社 2021.10 |
|
| 页数: | 147页 | |
| 开本: | 21cm | |
| 丛书名: | 田甜圈的小烦忧 | |
| 单 册: | ||
| 中图分类: | I287.45 | |
| 科图分类: | ||
| 主题词: | 儿童小说--er tong xiao shuo--中篇小说--中国--当代 | |
| 电子资源: | ||
| ISBN: | 978-7-5595-4604-3 | |
| 000 | 00948nam0 2200241 450 | |
| 001 | 28990 | |
| 005 | 20221011150248.94 | |
| 010 | @a978-7-5595-4604-3@dCNY20.00 | |
| 100 | @a20211122d2021 cemy0chiy50 ea | |
| 101 | 0 | @achi |
| 102 | @aCN@b130000 | |
| 105 | @aa z 000ay | |
| 200 | 1 | @a努力发光的“小透明”@Anu li fa guang de “ xiao tou ming ”@f赵静著 |
| 210 | @a石家庄@c河北少年儿童出版社@d2021.10 | |
| 215 | @a147页@c图@d21cm | |
| 225 | 2 | @a田甜圈的小烦忧@Atian tian quan de xiao fan you |
| 314 | @a赵静, 中国作家协会会员, 中国儿童中心高级教师, 副编审。 | |
| 330 | @a田甜圈的宝贝签名本, 让她在班里有了“明星”的感觉。出差回家的妈妈看到追星的田甜圈, 棋高一着儿, 提出: 会追星的人, 不只是崇拜明星, 更要学习他们身上的特质, 让自己变成明星。 | |
| 606 | 0 | @a儿童小说@Aer tong xiao shuo@x中篇小说@y中国@z当代 |
| 690 | @aI287.45@v5 | |
| 701 | 0 | @a赵静@Azhao jing@4著 |
| 801 | 0 | @aCN@c20220910 |
| 905 | @a河南城建学院图书馆@dI287.45@eZ302-7@f2 | |
| 努力发光的“小透明”/赵静著.-石家庄:河北少年儿童出版社,2021.10 |
| 147页:图;21cm.-(田甜圈的小烦忧) |
| ISBN 978-7-5595-4604-3:CNY20.00 |
| 田甜圈的宝贝签名本, 让她在班里有了“明星”的感觉。出差回家的妈妈看到追星的田甜圈, 棋高一着儿, 提出: 会追星的人, 不只是崇拜明星, 更要学习他们身上的特质, 让自己变成明星。 |
| ● |
| 相关链接 |
|
|
|
正题名:努力发光的"小透明"
索取号:I287.45/Z302-7
 
预约/预借
| 序号 | 登录号 | 条形码 | 馆藏地/架位号 | 状态 | 备注 |
| 1 | 1582288 | 215822885 | 社科二线400B/116文学库 13排2列6层/ [索取号:I287.45/Z302-7] | 在馆 | |
| 2 | 1582289 | 215822894 | 文学库116/116文学库 13排2列6层/ [索取号:I287.45/Z302-7] | 在馆 |